African or Asian Capital? Quiz Stats

 Plays Quiz Updated Oct 1, 2019

Score 0/38 Timer 02:00
17 Plays Today
Capital Africa (1) or Asia (2) % Correct
Baghdad???
87.1%
Jakarta???
86.2%
N'Djamena???
85.3%
Beirut???
84.7%
Luanda???
84.1%
Ouagadougou???
83.9%
Ulaanbaatar???
82%
Addis Ababa???
81.9%
Kathmandu???
81.3%
Kinshasa???
81.2%
Tashkent???
81.1%
Abuja???
81%
Bishkek???
80.9%
Lusaka???
80.8%
Doha???
79.9%
Conakry???
79%
Yamoussoukro???
78.9%
Amman???
78.4%
Ashgabat???
78.2%
Capital Africa (1) or Asia (2) % Correct
Antananarivo???
78.1%
Yerevan???
77.8%
Muscat???
77.4%
Vientiane???
77.3%
Monrovia???
76.9%
Moroni???
75.1%
Baku???
74.8%
Kampala???
74%
Dakar???
72.4%
Gitega???
70.8%
Sana'a???
69%
Nur-Sultan???
68.7%
Dhaka???
68.6%
Naypyidaw???
67.5%
Dili???
65.8%
Praia???
65.3%
Manama???
63%
Asmara???
58.7%
Malé???
50.3%

You're not logged in!

Compare scores with friends on all Sporcle quizzes.
OR
Log In

Sporcle TV

Today on Sporcle TV


Watch our educational content, quiz creation guides, and fun videos on Sporcle TV.

Show Comments

Extras

Top Quizzes Today


Score Distribution

Your Account Isn't Verified!

In order to create a playlist on Sporcle, you need to verify the email address you used during registration. Go to your Sporcle Settings to finish the process.

Report this User

Report this user for behavior that violates our Community Guidelines.

Details: